000 02361nam0a2200361 i 4500
001 RU\NLR\BIBL_A\010363198
005 20260407194126.0
010 _a9785916301328
_950
021 _aRU
_b2014-25671
_91595
035 _a(NILC)RuMoRGB-006773076
035 _a(NLR Aleph) 010363198
090 _a9585272
_c9585272
100 _a20140602d2014 km y0rusy50 ca
101 0 _arus
102 _aRU
105 _aa|||z|||000yy
200 1 _aФинансовые аспекты инновационного развития экономики
_eсборник научных статей
_fМ-во образования и науки Российской Федерации, Федеральное гос. бюджетное образовательное учреждение высш. проф. образования "Российский гос. торгово-экономический ун-т", Саратовский ин-т
_g[под ред. к.э.н., доц. Н. Г. Кабанцевой и к.э.н., доц. С. Р. Ревзина]
210 _aСаратов
_cСаратовский институт (филиал) РГТЭУ
_d2014
215 _a142, [1] с.
_cил.
_d21
320 _aБиблиогр. в конце ст.
606 _aИнновационная экономика
_jСборники
_92122595
_3RU\NLR\AUTH\661585261
675 _a005.915(082)
686 1 _aУ5-55я43
702 1 _4340
_8rus
_7ca
_aКабанцева
_bН. Г.
_gНаталия Гавриловна
_3RU\NLR\AUTH\7765305
_948234
711 1 2 _aМежрегиональная заочная научная конференция на тему: "Финансовые аспекты инновационного развития экономики"
_eСаратов
_f2014
_9406601
_3RU\NLR\AUTH\880370017
712 0 2 _4570
_aРоссийский государственный торгово-экономический университет
_bСаратовский институт
_3RU\NLR\AUTH\8810128244
_9753561
801 0 _aRU
_bRuMoRKP
_c20140407
_gRCR
801 2 _aRU
_bРГБ
_c20140417
_grcr
801 1 _aRU
_bRuMoRKP
_c20140407
_2rusmarc
942 _cBOOK
980 _aNBR